Normal view MARC view

Entry Personal Name

Number of records used in: 2

001 - CONTROL NUMBER

  • control field: 20638

003 - CONTROL NUMBER IDENTIFIER

  • control field: dpl

005 - DATE AND TIME OF LATEST TRANSACTION

  • control field: 20100918113621.0

008 - FIXED-LENGTH DATA ELEMENTS

  • fixed length control field: 100918|||a|||||| | ||| d

040 ## - CATALOGING SOURCE

  • Original cataloging agency: dpl
  • Transcribing agency: dpl

100 ## - HEADING--PERSONAL NAME

  • Personal name: Bhanwra, Jaswant

670 ## - SOURCE DATA FOUND

  • Source citation: Work cat.: (dpl): Maan, Gurdas 17690, Dil da mamla hai /, 1981

670 ## - SOURCE DATA FOUND

  • Source citation: Work cat.: (dpl): Maan, Gurdas 17690, Dil da mamla hai /, 1981

© Delhi Public Library
Hit Counter
free hit counter